Japanese Verbs - Statistics

General Stats
  • This quiz has been taken 156 times
    155 since last reset
  • The average score is 20 of 28
Answer Stats
English Kanji Romaji % Correct
to Eat 食べる Taberu
100%
To be / It Is です Desu
92%
There is (alive) いる iru
91%
There is (it) ある aru
90%
to watch 見る Miru
90%
To Be する Suru
90%
to go 行く iku
89%
To become なる Naru
89%
to drink 飲む nomu
83%
To die 死ぬ Shinu
83%
To understand 分かる Wakaru
78%
to wait 待つ matsu
76%
to return home 帰る kaeru
71%
To Love 愛する Ai Suru
70%
to meet 会う au
70%
to arrive 着く tsuku
68%
to say 言う iu
67%
to Run 走る Hashiru
63%
to be able to 出来る Dekiru
62%
to Think 考える Kangaeru
57%
to have 持つ Motsu
55%
to make 作る Tsukuru
55%
to use 使う tsukau
54%
to put 置く oku
53%
to Call 呼ぶ yobu
49%
to learn 学ぶ manabu
41%
to send 送る okuru
40%
to receive 受ける ukeru
36%
No matching quizzes found
Score Distribution
Percent of People with Each Score
Percentile by Number Answered
Your Score History
You have not taken this quiz since the last reset